Ciencia en arqueología / (Record no. 44235)

MARC details
000 -LEADER
campo de control de longitud fija 00814nam a2200229 i 4500
001 - NÚMERO DE CONTROL
campo de control 44235
003 - IDENTIFICADOR DE NÚMERO DE CONTROL
campo de control ES-MaACL
007 - CAMPO FIJO DE DESCRIPCIÓN FÍSICA--INFORMACIÓN GENERAL
campo de control de longitud fija t|
008 - DATOS DE LONGITUD FIJA--INFORMACIÓN GENERAL
campo de control de longitud fija 030320q1908 sp ||||1| spa d
245 00 - MENCIÓN DEL TÍTULO
Título Ciencia en arqueología /
Mención de responsabilidad, etc. compiladores, Don Brothwell, Eric Higgs ; prólogo de Grahame Clark ; [traducción de Mayo Antonio Sánchez García].
250 ## - MENCION DE EDICION
Mención de edición 1ª ed.
260 ## - PUBLICACIÓN, DISTRIBUCIÓN, ETC.
Lugar de publicación, distribución, etc. Madrid :
Nombre del editor, distribuidor, etc. Fondo de Cultura Económica,
Fecha de publicación, distribución, etc. [1980]
300 ## - DESCRIPCIÓN FÍSICA
Extensión 768 p., 19 lám. :
Otras características físicas il. ;
Dimensiones 24 cm.
490 1# - MENCIÓN DE SERIE
Mención de serie Sección de obras de antropología
700 1# - ENTRADA AGREGADA--NOMBRE PERSONAL
Nombre de persona Brothwell, Don.
9 (RLIN) 31945
700 1# - ENTRADA AGREGADA--NOMBRE PERSONAL
Nombre de persona Higgs, Eric.
9 (RLIN) 63638
700 1# - ENTRADA AGREGADA--NOMBRE PERSONAL
Nombre de persona Clark, Grahame.
9 (RLIN) 39034
700 1# - ENTRADA AGREGADA--NOMBRE PERSONAL
Nombre de persona Sánchez García, Mayo Antonio.
9 (RLIN) 102660
830 0# - PUNTO DE ACCESO ADICIONAL DE SERIE-TÍTULO UNIFORME
Título uniforme Sección de obras de antropología
9 (RLIN) 179904
852 ## - LOCALIZACIÓN
Ubicación ES-MaACL
Número de control de estantería L-814
Sublocalización o colección R.101564
Holdings
Estatus retirado Estado de pérdida Estado de daño No para préstamo Biblioteca de origen Biblioteca actual Ubicación en estantería Fecha de adquisición Fuente de adquisición Total de préstamos Signatura topográfica completa Código de barras Visto por última vez Precio de reemplazo Tipo de ítem Koha
        Biblioteca del Ateneo de Madrid Biblioteca del Ateneo de Madrid Depósito 2 17/01/2008     L-814 1046554 23/02/2023 23/02/2023 Libro impreso